Wolven / (Record no. 8038)

MARC details
000 -LEADER
fixed length control field 00869nam a22002657a 4500
001 - CONTROL NUMBER
control field 8038
003 - CONTROL NUMBER IDENTIFIER
control field FISKH
005 - DATE AND TIME OF LATEST TRANSACTION
control field 20250819121335.0
008 - FIXED-LENGTH DATA ELEMENTS--GENERAL INFORMATION
fixed length control field 250819b cb ||||| |||| 00| 0 eng d
020 ## - INTERNATIONAL STANDARD BOOK NUMBER
International Standard Book Number 9780545255189
040 ## - CATALOGING SOURCE
Original cataloging agency FISKH
Language of cataloging eng
Transcribing agency FISKH
Modifying agency FISKH
050 ## - LIBRARY OF CONGRESS CALL NUMBER
Classification number PZ7.T5732 W
082 ## - DEWEY DECIMAL CLASSIFICATION NUMBER
Classification number 823.92
100 ## - MAIN ENTRY--PERSONAL NAME
Personal name Toff, Di
245 ## - TITLE STATEMENT
Title Wolven /
Statement of responsibility, etc. By Di Toff
250 ## - EDITION STATEMENT
Edition statement This edition first printing, September 2010
260 ## - PUBLICATION, DISTRIBUTION, ETC.
Place of publication, distribution, etc. New York :
Name of publisher, distributor, etc. Scholastic ,
Date of publication, distribution, etc. 2010.
300 ## - PHYSICAL DESCRIPTION
Extent 322 pages :
Other physical details illustrations ;
Dimensions 20 cm .
490 ## - SERIES STATEMENT
Series statement Wolven
Volume/sequential designation 1
520 ## - SUMMARY, ETC.
Summary, etc. Twelve-year-old Nat, with help from family, friends, and his "pet" Woody, a wolf that turns into a boy, must face werewolves that have been altered as part of a dastardly plan.
650 ## - SUBJECT ADDED ENTRY--TOPICAL TERM
Topical term or geographic name entry element Werewolves
Form subdivision Fiction
700 ## - ADDED ENTRY--PERSONAL NAME
Personal name Falco, Phil
Relator term Book Designer
942 ## - ADDED ENTRY ELEMENTS (KOHA)
Source of classification or shelving scheme Dewey Decimal Classification
Koha item type Books
Suppress in OPAC No
Holdings
Withdrawn status Lost status Source of classification or shelving scheme Damaged status Not for loan Home library Current library Shelving location Date acquired Total Checkouts Full call number Barcode Date last seen Date last checked out Price effective from Koha item type
    Dewey Decimal Classification     Footprints International School Library Network Toul Tom Poung Campus Footprints International School Library Network Toul Tom Poung Campus TTP Secondary Fiction Bookshelves 08/19/2025 2 TOF 823.92 PZ7.T5732 W FIS00959 11/10/2025 10/31/2025 08/19/2025 Books